|
|
|
|
| LEADER |
01887nam a22003137a 4500 |
| 001 |
34743 |
| 003 |
BD-DhAAL |
| 005 |
20210624143854.0 |
| 008 |
190619r20172016ii b 000 0 eng d |
| 999 |
|
|
|c 40784
|d 40784
|
| 020 |
|
|
|a 9788178244822
|
| 035 |
|
|
|a (OCoLC)2349619
|
| 040 |
|
|
|a BD-DhAAL
|
| 082 |
|
|
|a 346.54140432
|2 20
|
| 100 |
1 |
|
|a Guha, Ranajit.
|9 32651
|
| 245 |
1 |
2 |
|a A rule of property for Bengal :
|b an essay on the idea of permanent settlement /
|c Ranajit Guha; with introductory essays by Partha Chatterjee and Rudrangshu Mukherjee
|
| 260 |
|
|
|a Bangalore :
|b Orient BlackSwan and Permanent Black in association with Ashoka University,
|c c2016 [second impression 2017]
|
| 300 |
|
|
|a xxxii, 297 pages ;
|c 22 cm.
|
| 504 |
|
|
|a Includes bibliographical references (pages 279-88) and index.
|
| 526 |
|
|
|a ENH
|
| 541 |
|
|
|a Hye Trade International
|e 34743, 37416, 37417
|
| 650 |
|
0 |
|a Land tenure
|x Law and legislation
|z India
|z Bengal
|x History
|y 18th century.
|9 32652
|
| 650 |
|
0 |
|a Land value taxation
|x Law and legislation
|z India
|z Bengal
|x History
|y 18th century.
|9 32653
|
| 651 |
|
0 |
|a India
|x Politics and government
|y 1765-1947.
|9 32654
|
| 852 |
|
|
|a Ayesha Abed Library
|c General Stacks
|
| 942 |
|
|
|2 ddc
|c BK
|
| 952 |
|
|
|0 0
|1 0
|2 ddc
|4 0
|6 346_541404320000000_GUH
|7 0
|9 65561
|a BRACUL
|b BRACUL
|c GEN
|d 2019-06-12
|e Hye Trade International
|g 1288.00
|l 1
|o 346.54140432 GUH
|p 3010034743
|r 2025-12-24
|s 2025-12-23
|t 1
|v 1288.00
|w 2019-06-12
|y BK
|
| 952 |
|
|
|0 0
|1 0
|2 ddc
|4 0
|6 346_541404320000000_GUH
|7 0
|9 69201
|a SCL
|b SCL
|c GEN
|d 2020-12-09
|e Hye Trade International
|g 733.00
|l 1
|m 3
|o 346.54140432 GUH
|p 3020037417
|r 2022-07-04
|s 2022-06-07
|t 2
|v 733.00
|w 2020-12-09
|y BK
|x Received during COVID-19 pandemic
|
| 952 |
|
|
|0 0
|1 0
|2 ddc
|4 0
|6 346_541404320000000_GUH
|7 0
|9 69202
|a SCL
|b SCL
|c GEN
|d 2020-12-09
|e Hye Trade International
|g 733.00
|l 0
|o 346.54140432 GUH
|p 3020037416
|r 2020-12-09
|t 1
|v 733.00
|w 2020-12-09
|y BK
|x Received during COVID-19 pandemic
|